Khảo sát khả năng gây hại của nấm Colletotrichum sp. gây bệnh thán thư trên chuối sau thu hoạch và phòng bệnh bằng dịch trích thực vật : Luận văn tốt nghiệp Cao học. Chuyên ngành Bảo vệ thực vật
Mục tiêu chung của nghiên cứu này là tìm được loại dịch trích thực vật có hiệu quả để phòng bệnh thán thư trên chuối sau thu hoạch
Enregistré dans:
| Auteur principal: | |
|---|---|
| Format: | Livre |
| Langue: | Undetermined |
| Publié: |
Cần Thơ
Trường Đại học Cần Thơ
2016
|
| Sujets: | |
| Tags: |
Ajouter un tag
Pas de tags, Soyez le premier à ajouter un tag!
|
| Thư viện lưu trữ: | Trung tâm Học liệu Trường Đại học Cần Thơ |
|---|
| LEADER | 01108nam a2200217Ia 4500 | ||
|---|---|---|---|
| 001 | CTU_217015 | ||
| 008 | 210402s9999 xx 000 0 und d | ||
| 082 | |a 632.4 | ||
| 082 | |b T401 | ||
| 088 | |a 60620112 | ||
| 100 | |a Hồ, Văn Tỏa | ||
| 245 | 0 | |a Khảo sát khả năng gây hại của nấm Colletotrichum sp. gây bệnh thán thư trên chuối sau thu hoạch và phòng bệnh bằng dịch trích thực vật : | |
| 245 | 0 | |b Luận văn tốt nghiệp Cao học. Chuyên ngành Bảo vệ thực vật | |
| 245 | 0 | |c Hồ Văn Tỏa ; Trần Thị Thu Thủy (Người hướng dẫn) | |
| 260 | |a Cần Thơ | ||
| 260 | |b Trường Đại học Cần Thơ | ||
| 260 | |c 2016 | ||
| 520 | |a Mục tiêu chung của nghiên cứu này là tìm được loại dịch trích thực vật có hiệu quả để phòng bệnh thán thư trên chuối sau thu hoạch | ||
| 650 | |a Bệnh cây,Plant diseases | ||
| 904 | |i Hiền,Hải | ||
| 980 | |a Trung tâm Học liệu Trường Đại học Cần Thơ | ||